01020 2200313 4500001002100000005001500021035002000036007000300056008004100059336002100100337002300121338003800144040002200182100003100204245008900235300003200324020002200356082001200378084001400390264003000404500006900434650002200503850001200525852002000537856007500557700003000632990002200662990002200684INLIS00000000090043420251017020906 a0010-1025000457ta220930t2012 yoi gs 0 ind d 2rdacontentateks 2rdamediaakomputer 2rdacarrierasumber sambung jaring aYOPDYOGbinderda0 aMikael SugiantoePengarang10a3 in 1 desain arsitektur rumah tinggal /cMikael Sugianto; penyunting, Westriningsih a1 berkas komputer (11,5 MB) a978-979-29-3008-504223a720 a720 MIK t31aYogyakarta :bAndi,c2012 aUntuk mengakses buku ini silakan unduh aplikasi http://ijogja.id 4aDesain arsitektur aYOPDYOG8 aaplikasi iJogja40nPerpustakaan Digital iJogjauhttp://ijogja.id/publications/books/25908 aWestriningsihePenyunting a000845-EPD/B.2018 a000846-EPD/B.2018